000 00581nam a2200193 4500
999 _c6515
_d6515
008 020605s1997 enk engYA
020 _a9712322815
100 1 _aAguilar, Celedonio G.
245 1 0 _aSpeaking and writing English /
_cCeledonio G. Aguilar.
260 _aManila :
_bRex,
_cc1997.
300 _aix, 101 p. ;
_c23 cm.
336 _atext
337 _aunmediated
338 _avolume
650 4 _aEnglish language
_xComposition and exercises.
650 4 _aEnglish language
_xConversation and phrase books.
650 4 _aEnglish language
_xGrammar.
942 _2lcc
_cBK